Pruebas en materia criminal
Gespeichert in:
| 1. Verfasser: | |
|---|---|
| Format: | Buch |
| Sprache: | Spanisch |
| Veröffentlicht: |
Ciudad de México
Jurídica Universitaria
2001
|
| Schriftenreihe: | Clásicos del Derecho Probatorio, 3
|
| Schlagworte: | |
| Tags: |
Tag hinzufügen
Keine Tags, Fügen Sie den ersten Tag hinzu!
|
MARC
| LEADER | 00000nam a2200000 a 4500 | ||
|---|---|---|---|
| 001 | UCI4177 | ||
| 003 | CL-VaPUC | ||
| 008 | 071228e20010000MX |||||||||||||||||spa|d | ||
| 020 | |a 9968380830 Serie Completa | ||
| 020 | |a 9968380261 | ||
| 082 | 0 | 4 | |a 345.06 |b MIT |2 21 |
| 100 | |a Mittermaier, Karl Joseph Anton |e autor |9 603654 | ||
| 245 | 1 | 0 | |a Pruebas en materia criminal |
| 300 | |a 287 p | ||
| 942 | |c BK | ||
| 945 | |d 20071228 00:00:00 |a rbrito | ||
| 260 | |a Ciudad de México |b Jurídica Universitaria |c 2001 | ||
| 650 | 0 | |a Prueba |9 256247 | |
| 650 | 0 | |a Apreciación de la prueba |9 254854 | |
| 650 | 7 | |a PRUEBA PENAL |2 CL-VaPUC |9 256157 | |
| 650 | 7 | |a PRUEBA PERICIAL |2 CL-VaPUC |9 258499 | |
| 650 | 0 | |a Prueba testimonial |9 370024 | |
| 650 | 7 | |a MEDIOS DE PRUEBA |2 CL-VaPUC |9 384094 | |
| 650 | 0 | |a Derecho procesal penal |9 256392 | |
| 583 | |a last modification |c 20190826 09:57:10 |k Rodrigo Vera | ||
| 490 | 0 | |a Clásicos del Derecho Probatorio, 3 | |
| 999 | |c 328159 |d 328157 | ||
| 952 | |0 0 |1 0 |4 0 |6 345_060000000000000_MIT_2001 |7 0 |8 A |9 411951 |a BIBDER |b BIBDER |d 2019-11-22 |i 4398777 |o 345.06 MIT 2001 |p 4398777 |r 2023-01-25 |w 2019-11-22 |y BK |k DER | ||